| 000 | 00685nam a2200217Ia 4500 | ||
|---|---|---|---|
| 003 | GCL | ||
| 008 | 140319s9999 xx 000 0 ara d | ||
| 020 | _a1292100977 | ||
| 040 |
_aGCL / _cGCL |
||
| 082 | 0 | 4 |
_a814.008 _bز ق |
| 100 | 1 | _aزكى شنودة | |
| 245 | 1 | 0 |
_aقبطى شاهد على العصر / _cزكى شنودة |
| 250 | _aالاولى | ||
| 260 |
_aالقاهرة : _bنبيل عدلى متياس ، _c1992 |
||
| 300 |
_a108 ص ؛ _c22 سم |
||
| 650 | 0 | 4 | _aالادب العربى |
| 650 | 0 | 4 | _aالمقالات العربية |
| 650 | 0 | 4 | _aالمقالات - مجموعات |
| 650 | 0 | 4 | _aمصر - تاريخ - مقالات ومحاضرات |
| 942 |
_2ddc _cBK |
||
| 999 |
_c4977 _d4977 |
||